[Event "Ptuj op 10"]
[Site "Ptuj"]
[Date "2015.10.25"]
[Round "2"]
[White "Dajcman, Nikolaj"]
[Black "Golc, Mateja"]
[Result "1-0"]
[WhiteElo "1299"]
[BlackElo "1500"]
[PlyCount "39"]
[EventDate "2015.10.24"]
[EventType "swiss"]
[EventRounds "9"]
[EventCountry "SLO"]
[SourceTitle "CBM 169 Extra"]
[Source "ChessBase"]
[SourceDate "2015.12.18"]
[SourceVersion "1"]
[SourceVersionDate "2015.12.18"]
[SourceQuality "1"]

1. e4 e5 2. Nf3 d6 3. d4 exd4 4. Nxd4 c5 5. Nf3 Nf6 6. Nc3 h6 7. Bf4 Bg4 8. Bb5+ Nbd7 9. Bxd6 Bxd6 10. Qxd6 a6 11. Bxd7+ Nxd7 12. h3 Bh5 13. 0-0-0 b5 14. g4 Bg6 15. Ne5 Nxe5 16. Qxe5+ Qe7 17. Qxe7+ Kxe7 18. Nd5+ Kd8 19. Nb6+ Kc7 20. Nxa8+ 1-0